000 00667nam a2200277Ia 4500
005 20260324142832.0
008 008 260324s9999 xx 000 0 eng d
020 _a9780203976388
037 _aEBOOK
040 _aCRL
040 _beng
040 _cCRL
041 _2eng
041 _aeng
084 _qCRL
100 _aAnis Chowdhury; Iyanatul Islam
_91213409
245 4 _aThe Newly Industrializing Economies of East Asia
260 _bTaylor and Francis
260 _c1993
365 _a
365 _b275
856 _uhttp://www.taylorfrancis.com/books/9780203976388
942 _cEBOOK
999 _c1818082
_d1818082